Accounting for poverty in infrastructure reform: learning from Latin America's experience (Record no. 33339)
[ view plain ]
| 000 -LEADER | |
|---|---|
| fixed length control field | 01028nam a2200277 a 4500 |
| 008 - FIXED-LENGTH DATA ELEMENTS--GENERAL INFORMATION | |
| fixed length control field | 071114s2002 ||||||||||||||||| || u |
| 020 ## - INTERNATIONAL STANDARD BOOK NUMBER | |
| International Standard Book Number | 0821350390 |
| 050 ## - LIBRARY OF CONGRESS CALL NUMBER | |
| Classification number | HD 2768 Est |
| 100 ## - MAIN ENTRY--PERSONAL NAME | |
| Personal name | Estache, Antonio |
| 245 10 - TITLE STATEMENT | |
| Title | Accounting for poverty in infrastructure reform: learning from Latin America's experience |
| Statement of responsibility, etc. | Antonio Estache; Vivien Foster; Quentin Wodon |
| 260 ## - PUBLICATION, DISTRIBUTION, ETC. | |
| Place of publication, distribution, etc. | Washington, D. C.: |
| Name of publisher, distributor, etc. | World Bank |
| Date of publication, distribution, etc. | 2002 |
| 300 ## - PHYSICAL DESCRIPTION | |
| Extent | vii, 122p.: ill. |
| 350 ## - PRICE (NR) (BK AM CF MU VM SE) [OBSOLETE] | |
| Price | 0.00 |
| 490 ## - SERIES STATEMENT | |
| Series statement | WBI development studies |
| 650 ## - SUBJECT ADDED ENTRY--TOPICAL TERM | |
| Topical term or geographic name entry element | PUBLIC WORKS--LATIN AMERICA |
| 650 ## - SUBJECT ADDED ENTRY--TOPICAL TERM | |
| Topical term or geographic name entry element | INFRASTRUCTURE--ECONOMICS |
| 650 ## - SUBJECT ADDED ENTRY--TOPICAL TERM | |
| Topical term or geographic name entry element | POVERTY--LATIN AMERICA |
| 650 #0 - SUBJECT ADDED ENTRY--TOPICAL TERM | |
| Topical term or geographic name entry element | PRIVATIZATION |
| 650 ## - SUBJECT ADDED ENTRY--TOPICAL TERM | |
| Topical term or geographic name entry element | PUBLIC UTILITIES--LATIN AMERICA |
| 650 ## - SUBJECT ADDED ENTRY--TOPICAL TERM | |
| Topical term or geographic name entry element | POVERTY ALLEVIATION |
| 650 ## - SUBJECT ADDED ENTRY--TOPICAL TERM | |
| Topical term or geographic name entry element | INFRASTRUCTURE |
| 700 ## - ADDED ENTRY--PERSONAL NAME | |
| Personal name | Foster, Vivien |
| 700 ## - ADDED ENTRY--PERSONAL NAME | |
| Personal name | Wodon, Quentin |
| 710 ## - ADDED ENTRY--CORPORATE NAME | |
| Corporate name or jurisdiction name as entry element | World Bank |
| 995 ## - RECOMMENDATION 995 [LOCAL, UNIMARC FRANCE] | |
| -- | 0.00 |
| -- | CBU-MAIN LIBRARY (Kitwe) |
| -- | 1 |
| -- | 0.00 |
| -- | 1 |
| -- | AVAILABLE |
| -- | Nov 14, 2007 |
| -- | Annex Low-Usage Collection |
| Withdrawn status | Lost status | Source of classification or shelving scheme | Damaged status | Not for loan | Home library | Current library | Shelving location | Date acquired | Total Checkouts | Full call number | Barcode | Date last seen | Price effective from | Koha item type |
|---|---|---|---|---|---|---|---|---|---|---|---|---|---|---|
| CBU-MAIN LIBRARY, KITWE. | CBU-MAIN LIBRARY, KITWE. | 11/30/2022 | HD 2768 Est | 45612 | 11/30/2022 | 11/30/2022 | MONOGRAPH |